Don't Hug Me I'm Scared 3 Lyrics (part 1) - Statistics

General Stats
  • This quiz has been taken 105 times
  • The average score is 197 of 303
Answer Stats
Answer % Correct
I
95%
a
91%
And
86%
and
86%
love.
86%
love
86%
(Love
86%
Love
86%
love?
86%
you
86%
You
86%
do
84%
do.
84%
do?
84%
he
84%
is
84%
Is
84%
it
84%
it.
84%
It
84%
to
84%
the
79%
we
79%
We
79%
all
78%
be
78%
ever
76%
in
76%
me.
76%
me
76%
no
76%
No
76%
What
76%
what
76%
Have
74%
have
74%
your
72%
can
71%
But
69%
but
69%
hate
69%
my
69%
see
69%
that
69%
friend
67%
friend.
67%
I'd
67%
darkness
66%
fear.
66%
it's
66%
know
66%
So
66%
why
66%
wondered
66%
about
64%
death
64%
doesn't
64%
don't
64%
Don't
64%
feel
64%
here?
64%
here
64%
look
64%
look.
64%
on.
64%
friends.
62%
friends
62%
They
62%
they
62%
we're
62%
Yes
62%
feeling
60%
I'm
60%
like
60%
everywhere
59%
everywhere.
59%
idea.
59%
deep
57%
harmony.
57%
hatred
57%
inside.
57%
live
57%
sky?
57%
sky.
57%
too.
57%
too
57%
make
55%
one
55%
us
55%
What's
55%
you're
55%
of
53%
cares?
52%
chicken
52%
chicken.
52%
Come
52%
eyes.
52%
hungry?
52%
maybe
52%
Maybe
52%
place.
52%
There
52%
who
52%
am
50%
'cause
50%
for
50%
Isn't
50%
you've
50%
difference
48%
different
48%
follow
48%
hand
48%
hold
48%
if
48%
learn
48%
lonely.
48%
our
48%
that's
48%
them.
48%
thing) X4
48%
understand
48%
understand.
48%
will
48%
even
47%
everybody
47%
hates
47%
though
47%
are
45%
eat
45%
get
45%
Harder.
45%
Just
45%
Oh
45%
tingly.
45%
true.
45%
with
45%
him
43%
or
43%
should
43%
Because
41%
Flying
41%
goes.
41%
we'll
41%
behind.
40%
left
40%
Now
40%
there's
40%
together
40%
unfair
40%
worry.
40%
could
38%
Let's
38%
life's
38%
meet
38%
picnic.
38%
some
38%
through
38%
eaten
36%
finished
36%
over
36%
rainbow.
36%
time
36%
instead.
34%
soon.
34%
also
33%
boy.
33%
furry
33%
lots
33%
we've
33%
Huh.
24%
Hee
7%
hee
7%
hee.
7%
No matching quizzes found
Score Distribution
Percent of People with Each Score
Percentile by Number Answered
Your Score History
You have not taken this quiz